| LEADER 01174nam 2200277 a 4500 |
| 001 12334104136 |
| 003 ULIB |
| 008 030417s2550 th a sb 001 0 tha |
| 020 ^a9741105452
|
| 060 4 ^aWY152^bพ587ก 2550
|
| 100 0 ^aพัสมณฑ์ คุ้มทวีพร
|
| 245 11 ^aการพยาบาลผู้ใหญ่และผู้สูงอายุ 2 /^cพัสมณฑ์ คุ้มทวีพร
|
| 250 ^aพิมพ์ครั้งที่ 1
|
| 260 ^aกรุงเทพฯ :^bฮายาบุสะ กราฟฟิก,^c2550
|
| 300 ^a328 หน้า :^bภาพประกอบ
|
| 505 0 ^tการพยาบาลเพื่อการฟื้นหายของผู้ป่วย - -^tการประเมินทางการพยาบาล - -^tความไม่สมดุลของของเหลวในร่างกาย - -^tความไม่สมดุลของโซเดียม - -^tความไม่สมดุลของโพแทสเซียม - -^tความไม่สมดุลของแคลเซียม -- ^tความไม่สมดุลของแมกนีเซียม - -^tความไม่สมดุลของฟอสฟอรัส - -^tการบันทึการพยาบาล
|
| 650 7 ^aการพยาบาล^xในวัยชรา
|
| 650 7 ^aการพยาบาล^xในวัยผู้ใหญ่
|
| 650 7 ^aการพยาบาลผู้สูงอายุ
|
| 650 7 ^aผู้สูงอายุ^xการดูแล
|
| 913 ^aImported by ULIBM Administrator
|
| 949 ^aImport form external file by ULIBM system
|
| 999 ^aสุณิสา
|